Analýza a porovnanie agilných prístupov k budovaniu softvéru diplomová práca

Na minha lista:
Detalhes bibliográficos
Autor principal: Daniel, Viktor
Autor Corporativo: Fakulta hospodárskej informatiky EU. Katedra aplikovanej informatiky
Outros Autores: Jurík, Pavol, 1987-
Formato: Livro
Idioma:eslovaco
Publicado em: Bratislava 2018
Tags: Adicionar Tag
Sem tags, seja o primeiro a adicionar uma tag!

MARC

LEADER 00000nbm a2200000 4500
001 0245220
005 20181016144946.0
041 0 |a slo 
044 |a SK 
245 1 0 |a Analýza a porovnanie agilných prístupov k budovaniu softvéru  |b diplomová práca  |c Viktor Daniel ; školiteľ: Pavol Jurík 
264 1 |a Bratislava  |c 2018 
300 |a 54 s. 
100 1 |a Daniel, Viktor 
700 1 |a Jurík, Pavol, 1987- 
710 2 |a Fakulta hospodárskej informatiky EU. Katedra aplikovanej informatiky